000 00631nam a2200229Ia 4500
003 OSt
005 20220912152247.0
006 a|||||r|||| 00| 0
007 ta
008 220909b |||||||| |||| 00| 0 eng d
024 _a55680
037 _cTextual
040 _aCSL
_beng
_cCSL
041 _aeng
082 _aY172:3510P8k, 111J6 RR
100 _aEndacott S J Co.
245 0 _aAustralian aboriginal words and place names and their meanings
260 _c1956
300 _ap.
_ccm.
942 _hY172:3510P8k, 111J6 RR
_cTEXL
_2CC
999 _c83081
_d83081